Sports medicine, physiotherapy and rehablitation (Record no. 393717)

MARC details
000 -LEADER
fixed length control field 00553 a2200205 4500
005 - DATE & TIME
control field 20260112150653.0
008 - FIXED-LENGTH DATA ELEMENTS--GENERAL INFORMATION
fixed length control field 260112b |||||||| |||| 00| 0 eng d
020 ## - ISBN
International Standard Book Number 9789390461783
Price Rs. 800.00
040 ## - CATALOGING SOURCE
Original cataloging agency VIVEKANANDA LIBRARY
082 ## - DDC NUMBER
Classification number 796.076171
Book Number M471S
100 ## - MAIN ENTRY--PERSONAL NAME
Personal name Meena, Tilak Raj
245 ## - TITLE STATEMENT
Title Sports medicine, physiotherapy and rehablitation
260 ## - PUBLICATION, DISTRIBUTION, ETC. (IMPRINT)
Name of publisher, distributor, etc Khel Sahitya Kendra
Date of publication, distribution, etc 2025
Place of publication, distribution, etc New Delhi
300 ## - PHYSICAL DESCRIPTION
Pages 155
650 ## - Subject
Subject Sports Medicine
650 ## - Subject
Subject Rehabilitation
650 ## - Subject
Subject Physiotherapy
700 ## - Added Entry Personal Name
Added Entry Personal Name Navinderpal Singh
942 ## - ADDED ENTRY ELEMENTS (KOHA)
Koha item type Books
Holdings
Withdrawn status Lost status Source of classification or shelving scheme Damaged status Not for loan Location (home branch) Sublocation or collection (holding branch) Shelving location Date acquired Koha issues (times borrowed) Koha full call number Accession No. Koha date last seen Koha item type
    Dewey Decimal Classification     VIVEKANANDA LIBRARY VIVEKANANDA LIBRARY Vivekananda Library 12/12/2025   796.076171 M471S 443652 12/12/2025 Books
© Designed and Maintained by Vivekananda Library, MDU Rohtak